书目信息 |
| 题名: |
古今俗语集成
|
|
| 作者: | 温端政 主编 ;高增德 , 宋金龙 , 晋钟文 辑 | |
| 分册: | 第四卷 | |
| 出版信息: | 太原 山西教育出版社 1989.07 |
|
| 页数: | 816页 | |
| 开本: | 21cm | |
| 丛书名: | ||
| 单 册: | ||
| 中图分类: | H136.4 | |
| 科图分类: | ||
| 主题词: | 汉语--俗语 | |
| 电子资源: | ||
| ISBN: | 7-80578-206-7 | |
| 000 | 00739nam0 2200241 45 | |
| 001 | 0211281534 | |
| 005 | 20050418155340.4 | |
| 010 | @b精装@a7-80578-206-7@dCNY15.60 | |
| 100 | @a20021128d1989 km y0chiy0120 ea | |
| 101 | 0 | @achi |
| 105 | @a z 001yy | |
| 200 | 1 | @a古今俗语集成@AGu Jin Su Yu Ji Cheng@h第四卷@f温端政主编@FWen Duan Zheng Zhu Bian@g高增德,宋金龙,晋钟文辑 |
| 210 | @a太原@c山西教育出版社@d1989.07 | |
| 215 | @a816页@d21cm | |
| 300 | @a书后附条目音译索引 | |
| 606 | 0 | @a汉语@x俗语 |
| 690 | @aH136.4@v3 | |
| 701 | 0 | @a温端政@4主编 |
| 702 | 0 | @a高增德@AGao Zeng De@4辑 |
| 702 | 0 | @a宋金龙@ASong Jin Long@4辑 |
| 702 | 0 | @a晋钟文@AJin Zhong Wen@4辑 |
| 801 | @aCN@bTSTC@c20021128 | |
| 905 | @dH136.4@e174:4@f1@b247078 | |
| 古今俗语集成.第四卷/温端政主编/高增德,宋金龙,晋钟文辑.-太原:山西教育出版社,1989.07 |
| 816页;21cm |
| 书后附条目音译索引 |
| ISBN 7-80578-206-7(精装):CNY15.60 |
| ● |
| 相关链接 |
|
|
|
|
正题名:古今俗语集成
索取号:H136.4/174:4
 
预约/预借
| 序号 | 登录号 | 条形码 | 馆藏地/架位号 | 状态 | 备注 |
| 1 | 0247076 | 000837599 | 第四借阅区/ [索取号:H136.4/174:4] | 在馆 | |
| 2 | 0247077 | 001631363 | 密集书库/ [索取号:H136.4/174:4] | 在馆 | |
| 3 | 0247078 | 002025196 | 第四借阅区/ [索取号:H136.4/174:4] | 在馆 | |
| 4 | 0247079 | 000837447 | 第二样本阅览室/ [索取号:H136.4/174:4] | 在馆 | |
| 5 | 0247080 | 001631522 | 密集书库/ [索取号:H136.4/174:4] | 在馆 |